000 01245nam a22003857a 4500
003 CHAP
005 20220817042502.0
008 971013s1963 r 00010 d
010 _a46005
011 _a46977
035 _a51118
040 _cCHAP
082 _a338.9
_bU53
110 _aUNESCO
245 _aSocial aspects of economic development in Latin America
260 _aParis :
_bUNESCO,
_c1963-
300 _a2 v.
490 _aTechnology and society
500 _aLa biblioteca tiene: v.1
590 _aBATCH-UPD
_b10
_c20130110
_lUCH01
_h0207
590 _aBATCH-UPD
_b10
_c20130110
_lUCH01
_h1027
590 _aBATCH-UPD
_b10
_c20130409
_lUCH01
_h2220
590 _aBATCH-UPD
_b10
_c20130410
_lUCH01
_h1256
590 _aBATCH-UPD
_b10
_c20130914
_lUCH01
_h1150
590 _aCONVERSION
_b10
_c20130109
_lUCH01
_h1325
650 1 4 _aAmerica Latina
_xCondiciones economicas.
_95390
650 1 4 _aAmerica Latina
_xCondiciones sociales.
_95395
650 1 4 _aDesarrollo económico.
700 0 _aMedina Echavarria, José.
_973957
700 0 _aVries, Egbert de.
_9120727
830 0 _aTechnology and society
_9111925
901 _aBK
942 _cLIBRO
949 _a338.9 U53
_bBC
_cLIBRO
_d33724000109013
_eLIBRO
_fv.1
_h28833
_i51118
_si
999 _c46005
_d46005